Roller coaster by picuture - Statistics

General Stats
  • This quiz has been taken 32 times
  • The average score is 12 of 16
Answer Stats
Picture Hint Answer % Correct
Long Live The King Kingda Ka
100%
Inversion The Smiler
96%
Top Gun ____ Maverick
93%
Ferrari Land Formula Rossa
86%
Aerodynamics Corkscrew
82%
Pensilvania Skyrush
82%
Blackout Intimidator
79%
Steepest in the world TMNT
75%
One-of-a-kind Son of Beast
71%
Tallest in the UK Hyperia
68%
Dolly Parton Lightning Rod
68%
Steel Dragon 2000 Hakugei
64%
Japan Eejanaika
61%
Montreal Goliath
57%
Sea Beast Leviathan
50%
Stinger (this is the hardest one :) ) Scorpion
29%
No matching quizzes found
Score Distribution
Percent of People with Each Score
Percentile by Number Answered
Your Score History
You have not taken this quiz